00756nam a2200229 i 4500001000300000100002900003245012000032260003600152300003800188490003700226650004700263830003700310020001500347040000800362041000700370080001600377920001800393942000700411008004100418999001700459952005000476bg1 aCRYSTAL, Davidd(1941- )10aThe English languge :b[a guided of the language by the presenter of BBC Radio 4's "English now"] /cDavid Crystal. aLondon :bPenguin Books,c1990. aX, 288 s. :bmapy, rys. ;c20 cm.1 aPenguin Language and Linguistics 9aJęzyk angielskixdialekty i regionalizmy aPenguin Language and Linguistics a0140135324 cBPK0 aen a811.111'282 a0-14-013532-4 cKS s pl f |000 0 pol  c33826d33826 00104071aBPKbBPKcmho45431p01366785yKS